| 000 | 01331cam a2200349 a 4500 | ||
|---|---|---|---|
| 001 | 18009829 | ||
| 005 | 20150512111507.0 | ||
| 008 | 140116t2014 njua frb 001 0 eng d | ||
| 020 | _a9780321933881 (paperback : alk. paper) | ||
| 020 | _a0321933885 | ||
| 040 |
_aDLC _beng _cDLC _dDLC _dEG-ScBUE |
||
| 082 | 0 | 4 |
_a006.66 _222 _bGIN |
| 100 | 1 |
_aGinsburg, Dan. _937877 |
|
| 245 | 1 | 0 |
_aOpenGL ES 3.0 programming guide / _cDan Ginsburg, Budirijanto Purnomo ; with earlier contributions from Dave Shreiner, Aaftab Munshi. |
| 250 | _a2nd ed. | ||
| 260 |
_aUpper Saddle River : _bAddison-Wesley : _bPearson Education, _cc.2014. |
||
| 300 |
_axl, 516 p. : _bill. ; _c24 cm. |
||
| 500 | _aRevised edition of: The OpenGL ES 2.0 programming guide / Aaftab Munshi, Dan Ginsburg, Dave Shreiner. 2009. | ||
| 500 | _aIndex : p. 495-516. | ||
| 504 | _aIncludes bibliographical references. | ||
| 630 | 7 |
_aOpenGL. _932565 |
|
| 650 | 7 |
_aComputer graphics _vSpecifications. _2BUEsh _937878 |
|
| 650 | 7 |
_aApplication program interfaces (Computer software) _2BUEsh _937879 |
|
| 650 | 7 |
_aComputer programming. _2BUEsh _93821 |
|
| 651 | _2BUEsh | ||
| 653 |
_bCOMSCI _cMay2015 |
||
| 655 |
_vreading book _934232 |
||
| 700 | 1 |
_aPurnomo, Budirijanto. _937880 |
|
| 700 | 1 |
_aShreiner, Dave. _937881 |
|
| 700 | 1 |
_aMunshi, Aaftab. _937882 |
|
| 942 | _2ddc | ||
| 999 |
_c19307 _d19279 |
||